1687 1390 1928 1212 1909 1504 1909 1414 1149 1191 1425 1744 1324 1755 1797 1959 1227 1831 1741 1114 1235 1459 1869 1039 1853 1851 1190 1118 1508 1398 1813 1788 1706 1195 1661 1095 1928 1038 1426 1814 1308 1558 1257 1011 1549 1069 1767 1402 1474 1919 1907 1030 1569 1630 1146 1274 1107 1953 1508 1130 1373 1419 1055 1613 1418 1665 1546 1159 1765 1110 1232 1365 1216 1705 1281 1782 1033 1795 1022 1619 1939 1766 1980 1599 1714 1654 1093 1286 1336 1034 1826 1271 1017 1948 1473 1482 1850 1897 1173 BCNSPRNW ULIB Ver.6.0+V

เปลี่ยนเป็นภาษาไทย

Change to English
 แสดงรายละเอียดบรรณานุกรม
  กลับหน้าหลัก

Brief Record : Get Marc (ISO 2709) : E-mail record : QR code < ปิดหน้าต่าง
LEADER : 00000nam 2200000uu 4500
001    13399124486
003     ULIB
008    150804s2557||||th 000 0 tha d
020    ^a9789749510599
060 04 ^aWB105^bภ476
110 1  ราชวิทยาลัยอายุรแพทย์แห่งประเทศไทย
245 00 ^aภาวะฉุกเฉินทางอายุรศาสตร์ ราชวิทยาลัยอายุรแพทย์แห่งประเทศไทย เล่ม 1 =^bEmergency medicine /^cราชวิทยาลัยอายุรแพทย์แห่งประเทศไทย
246 31 ^aEmergency in Internal Medicine The Royal College of Physicians of Thailand vol.1.
250    ^aพิมพ์ครั้งที่ 1.
260    ^aกรุงเทพฯ:^bโฮลิสติก พับลิชชิ่ง,^c2557.
300    ^a672 หน้า :^bภาพประกอบ ;^c27 ซม.
502    ^a502 ^aปัญหาพิเศษทางสาธารณสุขนี้เป็นส่วนหนึ่งของวิชาการศึกษาตามหลักสูตร ปริญญาวิทยาศาสตรบัณฑิต (สาธารณสุขชุมชน)--วิทยาลัยการสาธารณสุขสิรินธร จังหวัดยะลา, 2557.
610 10 ^aวิทยาลัยการสาธารณสุขสิรินธร จังหวัดยะลา^bสาธารณสุขชุมชน^xปัญหาพิเศษสาธารณสุข
650  4 ^aอายุรศาสตร์
650  4 ^aภาวะฉุกเฉิน^xการแพทย์
650  4 ^aภาวะฉุกเฉิน
700 0  ^aนครินทร์ ศันสนยุทธ,^eบรรณาธิการ
700 0  ^aปารวี สุวรรณาลัย,^eบรรณาธิการ
700 0  ^aเลลานี ไพฑูรย์พงษ์,^eบรรณาธิการ
700 0  ^aวินัย วนานุกุล,^eบรรณาธิการ
945    ^p950^l0^i23055
945    ^p950^l0^i23056
999    ^aทศพร เกษรทอง
รายการนี้ยังไม่มีแท็ก
คุณยังไม่ได้ล็อกอิน คุณสามารถมีกิจกรรมร่วมกับเว็บไซต์ได้ แต่ต้องล็อกอินก่อน ::
  ล็อกอิน

รายการสื่อสารสนเทศ

ลำดับที่ ประเภท เลขเรียก/บาร์โค้ด สถานที่ สถานะ
1. วิทยาศาสตร์การแพทย์ และสุขภาพ
วิทยาศาสตร์การแพทย์ และสุขภาพ
สถานะ=หนังสือเก่า
WB105 ภ476 ฉ.1 
  Barcode: 23055
ห้องสมุดวิทยาเขตนครสวรรค์
►ส่วนจัดเก็บหนังสือเก่า นว.
บนชั้น
  ขอยืม
2. วิทยาศาสตร์การแพทย์ และสุขภาพ
วิทยาศาสตร์การแพทย์ และสุขภาพ
สถานะ=หนังสือเก่า
WB105 ภ476 ฉ.2 
  Barcode: 23056
ห้องสมุดวิทยาเขตนครสวรรค์
►ส่วนจัดเก็บหนังสือเก่า นว.
บนชั้น
  ขอยืม

รายการใกล้เคียง
    หัวเรื่อง [อายุรศาสตร์]
    หัวเรื่อง [ภาวะฉุกเฉิน]

BibComment


ยังไม่เคยถูกคอมเมนท์

คอมเมนท์ทรัพยากรรายการนี้
  คอมเมนท์: ภาวะฉุกเฉินทางอา..


 Copyright 2026. Bcnsprnw @Library